000 00327nab a22001097u 4500
008 130520b1986 xxu||||| |||| 00| 0 spa d
041 _aspa
100 1 _aPeters, J.
_967376
245 0 0 _aFunción del perdón en las relaciones sociales
_cJ. Peters
773 0 _tConcilium
_gV.1,1986,págs.169-178
_x0210-1041
_wRev134
942 _cAR
999 _c355206
_d355206